00893cam a22002771 450000100060000000300080000600500170001400800390003103500190007003500190008904000270010804100080013508200200014310000360016324500700019925000110026926000290028030000310030950000200034065000200036065000190038070000520039994200120045199900170046395201350048017956BD-RjUL20211209000221.0140219s1953 maua 001 0 eng a(BD-RjUL)18014 a(OCoLC)2194656 aDLCcOCXdBD-RjULbeng aeng00a808.5bTHB 19531 aThonssen, Lester,d1904-95537110aBasic training in speech /cLester Thonssen and Howard Gilkinson. a2d ed. aBoston :bHeath,cc1953. a494 p. :billus. ;c23 cm. aIncludes index. 0aOratory.947362 0aSpeech.9553721 aGilkinson, Howard,d1898-ejoint author.955373 2ddccBK c17956d17956 00102ddc40708NFICaRUCLbRUCLcStackd1977-03-14eAsia Foundationl0o808.5 THB 1953r2014-02-19 00:00:00tC-2w2014-02-19yBK